Normal view
MARC view
- Music
Entry Topical Term
001 - CONTROL NUMBER
- control field: 3827
003 - CONTROL NUMBER IDENTIFIER
- control field: NUST
005 - DATE AND TIME OF LATEST TRANSACTION
- control field: 20170807131748.0
008 - FIXED-LENGTH DATA ELEMENTS
- fixed length control field: 170807|| aca||aabn | a|a d
040 ## - CATALOGING SOURCE
- Original cataloging agency: NUST
- Transcribing agency: NUST
150 ## - HEADING--TOPICAL TERM
- Topical term or geographic name entry element: Music
670 ## - SOURCE DATA FOUND
- Source citation: Work cat.: (NUST): Saeed Malik 3826, Lahore its melodic culture/, 1999
